Plumbing / (Record no. 352400)
[ view plain ]
| 000 -LEADER | |
|---|---|
| fixed length control field | 01307 a2200325 4500 |
| 003 - CONTROL NUMBER IDENTIFIER | |
| control field | OSt |
| 005 - DATE AND TIME OF LATEST TRANSACTION | |
| control field | 20180116192334.0 |
| 008 - FIXED-LENGTH DATA ELEMENTS--GENERAL INFORMATION | |
| fixed length control field | 120301t xxu||||| |||| 00| 0 eng d |
| 010 ## - LIBRARY OF CONGRESS CONTROL NUMBER | |
| LC control number | 2006042870 |
| 020 ## - INTERNATIONAL STANDARD BOOK NUMBER | |
| International Standard Book Number | 1405139625 (alk. paper) |
| 020 ## - INTERNATIONAL STANDARD BOOK NUMBER | |
| International Standard Book Number | 9781405139625 (alk. paper) |
| 035 ## - SYSTEM CONTROL NUMBER | |
| System control number | (OCoLC)ocm66393434 |
| 035 ## - SYSTEM CONTROL NUMBER | |
| System control number | (OCoLC)66393434 |
| 040 ## - CATALOGING SOURCE | |
| Transcribing agency | 0 |
| 082 00 - DEWEY DECIMAL CLASSIFICATION NUMBER | |
| Classification number | 696.1 |
| 100 1# - MAIN ENTRY--PERSONAL NAME | |
| Personal name | Treloar, Roy. |
| 9 (RLIN) | 479 |
| 245 10 - TITLE STATEMENT | |
| Title | Plumbing / |
| Statement of responsibility, etc. | R.D. Treloar. |
| 250 ## - EDITION STATEMENT | |
| Edition statement | 3rd ed. |
| 260 ## - PUBLICATION, DISTRIBUTION, ETC. | |
| Place of publication, distribution, etc. | Oxford, UK ; |
| -- | Malden, MA : |
| Name of publisher, distributor, etc. | Blackwell Pub., |
| Date of publication, distribution, etc. | c2006. |
| 300 ## - PHYSICAL DESCRIPTION | |
| Extent | xvi, 448 p. : |
| Other physical details | ill. ; |
| Dimensions | 25 cm. |
| 500 ## - GENERAL NOTE | |
| General note | Includes index. |
| 505 ## - FORMATTED CONTENTS NOTE | |
| Formatted contents note | Underpinning Knowledge; Hot and Cold Water Supplies; Central Heating; Gas Supplies; Oil Supplies; Electrical Work; Sanitation; Drainage; Sheet Weathering; Assessing Your Knowledge; Index |
| 650 #0 - SUBJECT ADDED ENTRY--TOPICAL TERM | |
| Topical term or geographic name entry element | Plumbing |
| Geographic subdivision | Great Britain |
| General subdivision | Examinations |
| 9 (RLIN) | 480 |
| 650 #0 - SUBJECT ADDED ENTRY--TOPICAL TERM | |
| Topical term or geographic name entry element | Plumbing |
| 9 (RLIN) | 481 |
| 650 #0 - SUBJECT ADDED ENTRY--TOPICAL TERM | |
| Topical term or geographic name entry element | Plumbers |
| General subdivision | Certification |
| Geographic subdivision | Great Britain. |
| 9 (RLIN) | 482 |
| 856 42 - ELECTRONIC LOCATION AND ACCESS | |
| Materials specified | Contributor biographical information |
| Uniform Resource Identifier | <a href="http://www.loc.gov/catdir/enhancements/fy0802/2006042870-b.html">http://www.loc.gov/catdir/enhancements/fy0802/2006042870-b.html</a> |
| 856 42 - ELECTRONIC LOCATION AND ACCESS | |
| Materials specified | Table of contents only |
| Uniform Resource Identifier | <a href="http://www.loc.gov/catdir/enhancements/fy0802/2006042870-t.html">http://www.loc.gov/catdir/enhancements/fy0802/2006042870-t.html</a> |
| 942 ## - ADDED ENTRY ELEMENTS (KOHA) | |
| Institution code [OBSOLETE] | SADA |
| Koha item type | Book |
| Call number prefix | 696.1 TRE 2006 |
| Source of classification or shelving scheme | |
| Withdrawn status | Lost status | Source of classification or shelving scheme | Damaged status | Not for loan | Permanent Location | Current Location | Date acquired | Total Checkouts | Full call number | Barcode | Date last seen | Date last checked out | Cost, replacement price | Price effective from | Koha item type |
|---|---|---|---|---|---|---|---|---|---|---|---|---|---|---|---|
| School of Art Design and Architecture (SADA) | School of Art Design and Architecture (SADA) | 09/29/2010 | 1 | 696.1 TRE 2006 | SADA0000232 | 12/18/2015 | 12/18/2015 | 4547.00 | 08/05/2011 | Book |
